|
|
|
|
| LEADER |
00914nam a2200313 4500 |
| 001 |
DLU110117630 |
| 005 |
##20101221 |
| 040 |
# |
# |
|a DLU
|b eng
|
| 041 |
# |
# |
|a eng
|
| 044 |
# |
# |
|a ko
|
| 100 |
# |
# |
|a Jun, B.J.
|
| 245 |
# |
# |
|a Estimation of aluminum and argon activation sources in the HANARO coolant /
|c B.J. Jun, B. Lee, M.-S. Kim.
|
| 653 |
# |
# |
|a Aluminum-clad fuel
|
| 653 |
# |
# |
|a Coolant activity source
|
| 653 |
# |
# |
|a HANARO
|
| 653 |
# |
# |
|a Oxide layer
|
| 653 |
# |
# |
|a Pool type research reactor
|
| 700 |
# |
# |
|a Kim, M.-S.
|
| 700 |
# |
# |
|a Lee, B.
|
| 773 |
# |
# |
|t Nuclear engineering and technology
|g Vol. 42, no. 4 (2010), p. 434-441
|
| 920 |
# |
# |
|a Phòng Tạp chí -- Trung tâm Thông tin - Thư viện Trường Đại học Đà Lạt
|
| 994 |
# |
# |
|a DLU
|
| 900 |
# |
# |
|a True
|
| 911 |
# |
# |
|a Trương Bảo Trâm Anh
|
| 925 |
# |
# |
|a G
|
| 926 |
# |
# |
|a A
|
| 927 |
# |
# |
|a BB
|
| 980 |
# |
# |
|a Thư viện Trường Đại học Đà Lạt
|